Podnikateľská metóda stanovenia VŠH podniku a variantnosť premenných vstupujúcich do výpočtu

Základné charakteristiky výnosových metód a variantnosti premenných, ktoré do výpočtu všeobecnej hodnoty prostredníctvom podnikateľskej metódy vstupujú. Stručný, no komplexný prehľad variantnosti vstupných premenných, ktoré zásadným spôsobom ovplyvňujú všeobecnú hodnotu podniku vypočítanú prostrední...

Full description

Saved in:
Bibliographic Details
Main Author: Švejdová, Nikola
Other Authors: Kubica, Milan, 1958-
Format: Book Chapter
Language:Slovak
Subjects:
Tags: Add Tag
No Tags, Be the first to tag this record!

MARC

LEADER 00000naa$a2200000$$$4500
001 0250165
005 20240502074015.5
041 0 |a slo 
044 |a SK 
245 1 0 |a Podnikateľská metóda stanovenia VŠH podniku a variantnosť premenných vstupujúcich do výpočtu  |c Nikola Švejdová, Milan Kubica 
520 |a Základné charakteristiky výnosových metód a variantnosti premenných, ktoré do výpočtu všeobecnej hodnoty prostredníctvom podnikateľskej metódy vstupujú. Stručný, no komplexný prehľad variantnosti vstupných premenných, ktoré zásadným spôsobom ovplyvňujú všeobecnú hodnotu podniku vypočítanú prostredníctvom tejto metódy. 
610 2 0 |a podnikatelia 
610 2 0 |a prostredie podnikateľské 
610 2 0 |a metódy 
610 2 0 |a trh 
610 2 0 |a hodnota 
610 2 0 |a hodnota trhová 
610 2 0 |a hodnotenie pracoviska 
100 1 |a Švejdová, Nikola 
700 1 |a Kubica, Milan, 1958-